النهاية: الكوارث الكونية واثرها فى مسار الكون ( عالم المعرفة 191 ) / (Record no. 50348)
[ view plain ]
| 000 -الفاتح | |
|---|---|
| حقل البيانات ثابتة الطول | 00747nam a2200229Ia 4500 |
| 008 - عناصر البيانات ثابتة الطول - معلومات عامة | |
| حقل البيانات ثابتة الطول | 140319s9999 xx 000 0 ara d |
| 040 ## - مصدر الفهرسة | |
| وكالة الفهرسة الأصلية | GCL / |
| وكالة النسخ | GCL |
| 082 04 - رقم تصنيف ديوى العشرى | |
| رقم التصنيف | د |
| رقم المادة | 050 |
| 100 1# - المدخل الرئيسى - إسم شخصى | |
| الإسم الشخصى | مصطفى ابراهيم فهمى |
| 245 10 - بيان العنوان | |
| العنوان | النهاية: الكوارث الكونية واثرها فى مسار الكون ( عالم المعرفة 191 ) / |
| بيان المسئوليه,etc | مصطفى ابراهيم فهمى |
| 700 1# - المدخل الاضافى - اسم شخصى | |
| الإسم الشخصى | عبدالسلام رضوان |
| 700 1# - المدخل الاضافى - اسم شخصى | |
| الإسم الشخصى | فرانك، كلوز |
| 300 ## - الوصف المادى | |
| التعداد | 352 ص |
| 490 ## - بيان السلسلة | |
| عنوان السلسلة | عالم المعرفة |
| رقم المجلد/ التعيين التسلسلي | 0 |
| 650 04 - المدخل الاضافى بالموضوع-مصطلح موضوعى | |
| مصطلح موضوعي | الفضاء |
| 650 04 - المدخل الاضافى بالموضوع-مصطلح موضوعى | |
| مصطلح موضوعي | الفلك |
| 650 04 - المدخل الاضافى بالموضوع-مصطلح موضوعى | |
| مصطلح موضوعي | الكون |
| 650 04 - المدخل الاضافى بالموضوع-مصطلح موضوعى | |
| مصطلح موضوعي | الفضاء الخارجى |
| 650 04 - المدخل الاضافى بالموضوع-مصطلح موضوعى | |
| مصطلح موضوعي | الفيزياء الكونية |
| 942 ## - عناصر المدخل الإضافي( كوها) | |
| مصدر التصنيف او مخطط الترفيف | Dewey Decimal Classification |
| Koha [default] item type | كتاب |
| حالة التراجع | حالة الفقد | حالة تلف | ليس للاعارة | المكان المؤقت | الموقع الحالى | تاريخ الاكتساب | اجمالي اﻻعارات | رقم الطلب | الباركود | تاريخ اخر مشاهدة | تاريخ تفعيل السعر | نوع وعاء كوها |
|---|---|---|---|---|---|---|---|---|---|---|---|---|
| مكتبة القاهرة الكبرى | مكتبة القاهرة الكبرى | 03/26/2014 | د\050 | 120760 | 03/26/2014 | 03/26/2014 | كتاب |

